Nová príručka k dani z príjmov s príkladmi

Na minha lista:
Detalhes bibliográficos
Formato: Livro
Idioma:eslovaco
Publicado em: Bratislava EPOS 2004
Assuntos:
Tags: Adicionar Tag
Sem tags, seja o primeiro a adicionar uma tag!

MARC

LEADER 00000nam$a2200000$$$4500
001 0010265
005 20240318115323.1
020 |a 80-8057-560-6 
041 0 |a slo 
044 |a SK 
245 1 0 |a Nová príručka k dani z príjmov s príkladmi 
264 1 |a Bratislava  |b EPOS  |c 2004 
300 |a 752 s. 
610 2 0 |a dane z príjmov 
610 2 0 |a dane rovné 
610 2 0 |a zdaňovanie 
610 2 0 |a zákony 
610 2 0 |a legislatíva 
610 2 0 |a osoby fyzické 
610 2 0 |a osoby právnické 
610 2 0 |a príjmy 
610 2 0 |a základ dane 
610 2 0 |a oslobodenie od daní 
610 2 0 |a preddavky